000 00909nam a2200301 a 4500
001 vtls000055413
003 NLI
005 20210601191004.0
008 101125s1958 xx a 001 0 eng
039 9 _y201011250532
_zVLOAD
040 _aNLI
_beng
_cVTLS
_eAACR2
041 0 _aeng
044 _axx
082 0 4 _a534
100 1 _aFriedlander, F. G.
_q(Friedrich Gerard) ,
_d1917-
_9142118
245 1 0 _aSound pulses /
_cby F. G. Friedlander
260 _aCambridge [Eng.] :
_bThe University Press,
_c1958
300 _axi, 202 p. :
_bill. ;
_c23 cm.
440 0 _aCambridge monographs on mechanics and applied mathematics
504 _aIncludes bibliographical references and index
650 0 _aSound-waves
887 _a
901 _a351245
_b16.02.1963
902 _aE534 F913
906 _a0013215
_z1
949 _AVIRTUAITEM
_D10000
_X100
_6PUR000351245ENG
942 _2ddc
_cBKS
999 _aVIRTUA00
_c59778
_d59778